Central Library OPAC University of Rajshahi

Modernized curricula in chemistry for undergraduate (B.Sc./LICENCE) courses in islamic countries / (Record no. 73792)

MARC details
000 -LEADER
fixed length control field 00779nam a2200205 a 4500
001 - CONTROL NUMBER
control field 73792
003 - CONTROL NUMBER IDENTIFIER
rucl marc code BD-RjUL
005 - DATE AND TIME OF LATEST TRANSACTION
control field 20211209082440.0
008 - FIXED-LENGTH DATA ELEMENTS--GENERAL INFORMATION
fixed length control field 170611s1995 mr ||||| |||| 00| 0 eng d
035 ## - SYSTEM CONTROL NUMBER
System control number (BD-RjUL)74010
040 ## - CATALOGING SOURCE
Original cataloging agency BD-RjUL
Language of cataloging eng
Transcribing agency BD-RjUL
041 ## - LANGUAGE CODE
Language code of text/sound track or separate title eng
082 ## - DEWEY DECIMAL CLASSIFICATION NUMBER
Edition number 23
Classification number 540
Author mark and year MOD 1995
245 00 - TITLE STATEMENT
Title Modernized curricula in chemistry for undergraduate (B.Sc./LICENCE) courses in islamic countries /
Statement of responsibility, etc. Islamic Educational, Scientific and Cultural Organization (ISESCO)
260 ## - PUBLICATION, DISTRIBUTION, ETC. (IMPRINT)
Place of publication, distribution, etc. Rabat, Morocco :
Name of publisher, distributor, etc. Islamic Educational, Scientific and Cultural Organization (ISESCO),
Date of publication, distribution, etc. 1995
300 ## - PHYSICAL DESCRIPTION
Pagination various pagins. ;
Size 29 cm
650 ## - SUBJECT ADDED ENTRY--TOPICAL TERM
Topical term or geographic name as entry element Chemistry
9 (RLIN) 218499
710 ## - ADDED ENTRY--CORPORATE NAME
Corporate name or jurisdiction name as entry element Islamic Educational, Scientific and Cultural Organization (ISESCO)
9 (RLIN) 218500
942 ## - ADDED ENTRY ELEMENTS (KOHA)
Source of classification or shelving scheme Dewey Decimal Classification
Koha item type Books
Holdings
Lost status Source of classification or shelving scheme Damaged status Not for loan Collection code Permanent Location Current Location Shelving location Date acquired Source of acquisition Total Checkouts Full call number Date last seen Copy number Koha item type
  Dewey Decimal Classification   Not For Loan Non-fiction Central Library, University of Rajshahi Central Library, University of Rajshahi Reading Room 19/09/1996 N/A   540 MOD 1995 11/06/2017 C-1 Books